Elígeme (Registro nro. 63866)

Detalles MARC
000 -ENCABEZADO
Número de control [NR] 01408nam a2200253Ia 4500
008 - DE LONGITUD FIJA DE DATOS DE ELEMENTOS - INFORMACIÓN GENERAL
Elementos de longitud fija [NR] 130821s1984 xxua gs spa
040 ## - FUENTE DE CATALOGACION [NR]
Agencia de catalogación original [NR] Co-BoUCM
Idioma de catalogación [NR] spa
041 00 - CODIGO DE IDIOMA [R]
Código de idioma para texto/pista de sonido o título separado [R] Español
092 ## - SIGNATURA TOPOGRAFICA LOCAL
Número de clasificación local DVD 0533
245 10 - MENCION DE TITULO [NR]
Título [NR] Elígeme
Mención de responsabilidad, etc. [NR] [DVD]
-- [dirigida por] Sam Raimi
260 ## - PUBLICACION, DISTRIBUCION, ETC. (PIE DE IMPRENTA) [R]
Lugar de publicación, distribución, etc. [R] Washington D.C. (Estados Unidos)
Nombre del editor, distribuidor, etc. [R] MGM
Fecha de publicación, distribución, etc. [R] 1984
300 ## - DESCRIPCION FISICA [R]
Extensión [R] 1 DVD (116 min. )
Otros detalles físicos [NR] son., color
500 ## - NOTA GENERAL [R]
Nota general [NR] SINOPSIS : Unos personajes buscan desesperadamente el amor en las noches de Los Ángeles. Entre fracaso y fracaso, piden consejos a la doctora Nancy Love, la responsable de un consultorio radiofónico, aunque ella apenas tiene experiencia ni en el amor ni en el sexo. Todo cambia cuando la psicóloga se introduce en sus vidas y se ve envuelta en el círculo de dos amantes, un enigmático vagabundo y la propietaria de un club nocturno.
508 ## - NOTA DE CREDITOS DE CREACION/PRODUCCION [R]
Nota de créditos de creación/producción [NR] Director, Alan Rudolph; guión, Alan Rudolph; música, Luther Vandross; fotografía, Jan Kiesser.
511 ## - NOTA DE PARTICIPANTE O INTERPRETE [R]
Nota de participante o intérprete [NR] Geneviève Bujold, Keith Carradine, Lesley Ann Warren, Patrick Bauchau, Rae Dawn Chong, John Larroquette.
546 ## - NOTA DE IDIOMA [R]
Nota de idioma [NR] Audio en Inglés y Español. Subtítulos en Español.
650 04 - ASIENTO SECUNDARIO DE MATERIA - TERMINO TEMATICO [R]
Término temático o nombre geográfico como elemento de entrada [NR] Amor en el cine
Subdivisión de forma [R] DVD
9 (RLIN) 8920
650 04 - ASIENTO SECUNDARIO DE MATERIA - TERMINO TEMATICO [R]
Término temático o nombre geográfico como elemento de entrada [NR] Entretenimiento
9 (RLIN) 26487
650 04 - ASIENTO SECUNDARIO DE MATERIA - TERMINO TEMATICO [R]
Término temático o nombre geográfico como elemento de entrada [NR] Películas cinematográficas
Subdivisión geográfica [R] Estados Unidos
Subdivisión de forma [R] DVD
9 (RLIN) 7903
700 1# - ASIENTO SECUNDARIO - NOMBRE PERSONAL [R]
Nombre personal [NR] Rudolph, Alan
Fechas asociadas con el nombre [NR] 1943-
Término de relación [R]
710 2# - ASIENTO SECUNDARIO - NOMBRE CORPORATIVO [R]
Nombre corporativo o de jurisdicción como elemento de entrada [NR] Metro-Goldwyn-Mayer
765 ## - ASIENTO DE IDIOMA ORIGINAL [R]
Título [NR] Choose me
942 ## - ELEMENTOS DE ENTRADA AGREGADOS (KOHA)
Tipo de ítem principal el descrito en 300a Multimedia
Sistema de clasificación LOCAL
Tema principal Entretenimiento
Edición 1
Existencias
Fecha de último préstamo Código de barras Última vez visto Volúmen / Fascículo Ejemplar Price effective from Tipo de ítem Perdido Sistema de clasificación Dañado No prestable Tipo de ítem específico Suprimido Ubicación habitual Ubicación actual Localización Fecha de creación Forma de adquisición Costo Total préstamos Total Renewals
25/03/2014 100105256 10/12/2024 DVD 0533 Ej.2 03/02/2013 Multimedia   DEWEY     DVD   Claustro Claustro Colección digital 19/02/2013 Donación 26000.00 10 1
07/05/2012 100102129 09/12/2025 DVD 0533 Ej.1 03/02/2013 Multimedia   LOCAL   Préstamo restringido DVD   Procesos Técnicos Procesos Técnicos (no para préstamo) Procesos Técnicos 19/02/2013 Compra 26391.00